000 00667cab a2200229 4500
001 ABS52636
008 090401t1995 xxu||||| |||| 00| 0 eng d
035 _a(Sirsi) u87783
041 _aeng
100 _aBaker, B.
245 _aNorth Wales enterprise scheme leads the way for rail freight
260 _c1995
350 _a0
490 _aSurveyor
_v182(5333) 30 March 1995, 13(1)
520 _aReports on a conference organised to encourage an increase in the transport of freight by rail.
650 _aFREIGHT MOVEMENT
650 _aNORTH WALES
650 _aRAILWAYS
690 _aTRANSPORT AND COMMUNICATIONS
942 _n0
948 _c04/03/1997
999 _c55390
_d55390